Alle Bundesliga Mannschaften seit 1963 - Sudden Death - Statistiken

Allgemein
  • Dieses Quiz wurde 147 mal gespielt
  • Das Durchschnittsergebnis liegt bei 38 aus 58
Answers on the Grid
Answers color-coded by a green-red scale on the quiz's grid according to % correct below.
Borussia Dortmund
Eintracht Frankfurt
Hamburger SV
Schalke 04
1. FC Köln
Bayer Leverkusen
Hertha BSC
VFL Bochum
1. FC Nürnberg
Hannover 96
VFL Wolfsburg
MSV Duisburg
SSV Hagen
SC Freiburg
Fortuna Düsseldorf
Karlsruher SC
VFB Stuttgart
Eintracht Braunschweig
1860 München
1. FC Passau
Borussia Mönchengladbach
Werder Bremen
Mainz 05
Arminia Bielefeld
TSG Hoffenheim
FC Augsburg
1. FC Schweinfurt
KFC Uerdingen
1. FC Kaiserslautern
Bayern München
Hansa Rostock
SGS Essen
FC Remscheid
1. FC Magdeburg
RB Leipzig
FC St.Pauli
VFR Heilbronn
Rot-Weiß Erfurt
Heidelberger SC
Rot-Weiss Essen
Kickers Offenbach
Waldhof Mannheim
Union Berlin
Energie Cottbus
SV Darmstadt 98
1. FC Saarbrücken
Viktoria Aschaffenburg
Rot-Weiß Oberhausen
SG Wattenscheid
Alemannia Aachen
Dynamo Dresden
Wuppertaler SV
Borussia Neunkirchen
1. FC Heidenheim
FC 08 Homburg
Bonner SC
Stuttgarter Kickers
Tennis Borussia Berlin
Erzgebirge Aue
Preußen Münster
Fortuna Köln
SSV Ulm
VFB Leipzig
Blau-Weiß 90 Berlin
Holstein Kiel
Westfalia Herne
Göttingen 05
Carl-Zeiss Jena
Lokomotive Leipzig
SV Elversberg
SC Paderborn
Schwarz-Weiss Essen
Turbine Potsdam
Bayern Hof
SV Wehen Wiesbaden
SpVgg Bayreuth
Tasmania Berlin
SpVgg Unterhaching
FC Ingolstadt
Wacker Burghausen
Greuther Fürth
FSV Frankfurt
SV Meppen
Union Solingen
Jahn Regensburg
SV Sandhausen
Chemnitzer FC
Eintracht Trier
Wormatia Worms
VFB Oldenburg
FK Pirmasens
FV 04 Würzburg
TuS Koblenz
VfB Lübeck
FC Hanau 93
Hallescher FC
FSV Zwickau
SSV Reutlingen
Hessen Kassel
Rot Weiss Ahlen
 
Antwortstatistiken
Antwort % Korrekt
1. FC Nürnberg
80%
VFL Bochum
79%
Bayern München
78%
FC St.Pauli
78%
Hertha BSC
78%
RB Leipzig
78%
Werder Bremen
78%
1. FC Heidenheim
77%
1. FC Kaiserslautern
77%
1. FC Köln
77%
Borussia Mönchengladbach
77%
Eintracht Frankfurt
77%
Hannover 96
77%
FC Augsburg
76%
Hamburger SV
76%
Mainz 05
76%
Schalke 04
76%
Borussia Dortmund
74%
MSV Duisburg
74%
VFB Stuttgart
74%
1860 München
73%
Bayer Leverkusen
73%
SV Darmstadt 98
73%
Union Berlin
73%
Holstein Kiel
72%
SC Paderborn
72%
TSG Hoffenheim
72%
VFL Wolfsburg
72%
Arminia Bielefeld
71%
Fortuna Düsseldorf
71%
Karlsruher SC
71%
SC Freiburg
71%
Greuther Fürth
69%
FC Ingolstadt
68%
Hansa Rostock
68%
Alemannia Aachen
66%
Energie Cottbus
66%
Eintracht Braunschweig
65%
Tasmania Berlin
65%
KFC Uerdingen
64%
Tennis Borussia Berlin
56%
1. FC Saarbrücken
55%
Dynamo Dresden
55%
Preußen Münster
54%
SpVgg Unterhaching
54%
Rot-Weiss Essen
53%
Stuttgarter Kickers
52%
Waldhof Mannheim
51%
Kickers Offenbach
50%
SSV Ulm
50%
Borussia Neunkirchen
45%
FC 08 Homburg
42%
Rot-Weiß Oberhausen
42%
Wuppertaler SV
42%
SG Wattenscheid
40%
Blau-Weiß 90 Berlin
38%
Fortuna Köln
38%
VFB Leipzig
32%
Keine übereinstimmenden Quizze gefunden
Verteilung der Resultate
Anzahl Personen mit jedem Resultat
Perzentil nach korrekt beantworteten Fragen
Ihre Resultats-Entwicklung
Sie haben dieses Quiz noch nicht gespielt